000
00332nam a2200157Ia 4500
100
_a
Cady G.H./ Mcgregor/ pat
250
_a
2
942
_c
BK
654
_a
Computer
245
_a
Mastering The internet
260
_b
B.B.P.
_a
New Delhi
_c
1996
082
_a
4.6
_b
CAD/MCG
300
_a
1107
546
_a
ENGLISH
999
_c
33340
_d
33340